UBT Library

BUILDING EQUITY (Record no. 60712)

000 -LEADER
fixed length control field 00338nam a22001457a 4500
008 - FIXED-LENGTH DATA ELEMENTS--GENERAL INFORMATION
fixed length control field 250425b ||||| |||| 00| 0 eng d
020 ## - INTERNATIONAL STANDARD BOOK NUMBER
International Standard Book Number 9781416624264
041 ## - LANGUAGE CODE
Language code of text/sound track or separate title eng
080 ## - UNIVERSAL DECIMAL CLASSIFICATION NUMBER
Edition identifier 1992
Universal Decimal Classification number 721SMI
082 ## - DEWEY DECIMAL CLASSIFICATION NUMBER
Edition number 721SMI
Classification number 721SMI
100 ## - Rafti
Rafti 20
101 ## - Shkurtesa
Shkurtesa NDERTIMTARI
245 ## - TITLE STATEMENT
Title BUILDING EQUITY
Statement of responsibility, etc DOMINIQUE SMITH
942 ## - ADDED ENTRY ELEMENTS (KOHA)
Source of classification or shelving scheme
Item type Books
Holdings
Withdrawn status Lost status Source of classification or shelving scheme Damaged status Not for loan Collection code Permanent location Current location Date acquired Total Checkouts Full call number Barcode Date last seen Price effective from Koha item type
          Koleksioni i përgjithshem UBT - Lipjan UBT - Lipjan 04/25/2025   721SMI 002-800070999606 04/25/2025 04/25/2025 Books
UBT Library © 2015-2024. All rights reserved University Education for Business and Technology